Sociología chilena (Record no. 184718)
[ view plain ]
| 000 -LEADER | |
|---|---|
| campo de control de longitud fija | 00706nam a2200193 i 4500 |
| 001 - NÚMERO DE CONTROL | |
| campo de control | 184718 |
| 003 - IDENTIFICADOR DE NÚMERO DE CONTROL | |
| campo de control | ES-MaACL |
| 005 - FECHA Y HORA DE LA ÚLTIMA TRANSACCIÓN | |
| campo de control | 20230906222247.0 |
| 008 - DATOS DE LONGITUD FIJA--INFORMACIÓN GENERAL | |
| campo de control de longitud fija | 151117s1929 sp |||| | spa d |
| 100 1# - ENTRADA PRINCIPAL--NOMBRE DE PERSONA | |
| Nombre de persona | Venturino, Agustín. |
| 9 (RLIN) | 158162 |
| 245 10 - MENCIÓN DEL TÍTULO | |
| Título | Sociología chilena |
| Resto del título | : con comparaciones argentinas y mejicanas : las colonizaciones de España y de Inglaterra y las revoluciones de América / |
| Mención de responsabilidad, etc. | Agustín Venturino. |
| 260 ## - PUBLICACIÓN, DISTRIBUCIÓN, ETC. | |
| Lugar de publicación, distribución, etc. | Barcelona : |
| Nombre del editor, distribuidor, etc. | Edit. Cervantes, |
| Fecha de publicación, distribución, etc. | 1929. |
| 300 ## - DESCRIPCIÓN FÍSICA | |
| Extensión | 324 p. ; |
| Dimensiones | 18 cm. |
| 490 1# - MENCIÓN DE SERIE | |
| Mención de serie | Colección "Sócrates" ; |
| Designación de volumen o secuencia | 6 |
| 651 #4 - PUNTO DE ACCESO ADICIONAL DE MATERIA--NOMBRE GEOGRÁFICO | |
| Nombre geográfico | Chile- |
| Subdivisión general | Civilización. |
| 9 (RLIN) | 158163 |
| 830 0# - PUNTO DE ACCESO ADICIONAL DE SERIE-TÍTULO UNIFORME | |
| Título uniforme | Colección "Sócrates" ; |
| Designación de volumen o secuencia | 6 |
| 9 (RLIN) | 192233 |
| 852 ## - LOCALIZACIÓN | |
| Ubicación | ES-MaACL |
| Número de control de estantería | B-11906 |
| Estatus retirado | Estado de pérdida | Estado de daño | No para préstamo | Biblioteca de origen | Biblioteca actual | Ubicación en estantería | Fecha de adquisición | Fuente de adquisición | Total de préstamos | Signatura topográfica completa | Código de barras | Visto por última vez | Precio de reemplazo | Tipo de ítem Koha |
|---|---|---|---|---|---|---|---|---|---|---|---|---|---|---|
| Biblioteca del Ateneo de Madrid | Biblioteca del Ateneo de Madrid | Sala Pardo Bazán | 17/11/2015 | B-11906 | 1194493 | 23/02/2023 | 23/02/2023 | Libro impreso |
